Forma y equilibrio sociales: extracto del tratado de sociología general

Spremljeno u:
Bibliografski detalji
Glavni autor: Pareto, Vilfredo (autor)
Format: Knjiga
Jezik:španjolski
Izdano: Madrid Alianza 1980
Serija:Alianza Universidad, 266
Teme:
Oznake: Dodaj oznaku
Bez oznaka, Budi prvi tko označuje ovaj zapis!

MARC

LEADER 00000nam a2200000 a 4500
001 UCW8948
003 CL-VaPUC
008 881111e19800000SP |||||||||||||||||spa|d
082 0 4 |a 301  |b PAR  |2 21 
100 |a Pareto, Vilfredo  |e autor  |9 349322 
245 1 0 |a Forma y equilibrio sociales: extracto del tratado de sociología general 
300 |a 332 p 
942 |c BK 
945 |d 19881111 00:00:00 
260 |a Madrid  |b Alianza  |c 1980 
650 7 |a EQUILIBRIO SOCIAL  |2 CL-VaPUC  |9 314139 
650 0 |a Sociología   |9 255410 
583 |a last modification  |c 19881111 00:00:00  |k Rodrigo Vera 
490 0 |a Alianza Universidad, 266 
999 |c 221104  |d 221102 
952 |0 0  |1 0  |4 0  |6 301_000000000000000_PAR_1980  |7 0  |8 A  |9 214082  |a BIBENE  |b BIBENE  |d 2019-11-15  |i 282549K  |o 301 PAR 1980  |p 282549K  |r 2025-01-15  |w 2019-11-15  |y BK  |k ICO